000 004120000a22001690004500
003 MACL
005 20151219125838.0
008 151219b xxu||||| |||| 00| 0 eng d
040 _aMACL
_cMACL
041 _aEnglish
082 _a111.85/ANA
100 _aAnand, Mulk Raj
_97427
245 _aThe Book of Indian Beauty
260 _bRupa & Co
_c1993
650 _aantology
_921286
942 _cBK
_k111.85/ANA
_2ddc
999 _c40137
_d40137